ARRUPE JESUIT UNIVERSITY

CORONAVIRUS -STOP THE SPREAD - CLEAN,DISINFECT,COVER

Israel's wisdom literature (Record no. 11538)

MARC details
000 -LEADER
fixed length control field 00637nam a2200229Ia 4500
003 - CONTROL NUMBER IDENTIFIER
control field 0100
008 - FIXED-LENGTH DATA ELEMENTS--GENERAL INFORMATION
fixed length control field 130303s9999 xx 000 0 und d
020 ## - INTERNATIONAL STANDARD BOOK NUMBER
International Standard Book Number 0800628756
040 ## - CATALOGING SOURCE
Transcribing agency ARRUPELIB
050 ## - LIBRARY OF CONGRESS CALL NUMBER
Classification number BS1455.B38 1997
300 ## - PHYSICAL DESCRIPTION
Other physical details 194 p. 23 cm
100 ## - MAIN ENTRY--PERSONAL NAME
Personal name Bergant, Dianne
245 ## - TITLE STATEMENT
Title Israel's wisdom literature
245 ## - TITLE STATEMENT
Remainder of title a liberation-critical reading
260 ## - PUBLICATION, DISTRIBUTION, ETC. (IMPRINT)
Place of publication, distribution, etc Minneapolis
260 ## - PUBLICATION, DISTRIBUTION, ETC. (IMPRINT)
Name of publisher, distributor, etc Fortress Press
260 ## - PUBLICATION, DISTRIBUTION, ETC. (IMPRINT)
-- 1997
300 ## - PHYSICAL DESCRIPTION
Extent ix
440 ## - SERIES STATEMENT/ADDED ENTRY--TITLE
Title A Liberation-critical reading
650 ## - SUBJECT ADDED ENTRY--TOPICAL TERM
Topical term following geographic name as entry element Soviet Union--History--Revolution, 1917-1921 Germany--Politics and government--20th century
942 00 - ADDED ENTRY ELEMENTS (KOHA)
Koha issues (borrowed), all copies 1
Holdings
Withdrawn status Lost status Source of classification or shelving scheme Damaged status Not for loan Collection code Home library Current library Shelving location Date acquired Total Checkouts Full call number Barcode Date last seen Date checked out Copy number Price effective from Koha item type
    Library of Congress Classification     Main Collection ARRUPE LIBRARY ARRUPE LIBRARY   04/03/2013 1 BS1455.B38 1997 46003092207 07/12/2016 17/10/2014 1 04/03/2013 Monograph ( Printed materials)

 

Arrupe Library. PO Box MP320 Mt Pleasant, Harare, Zimbabwe
263 242 745411|librarian@aju.ac.zw